Better quality rubble (Record no. 75150)
[ view plain ]
| 000 -LEADER | |
|---|---|
| fixed length control field | 00907cab a2200193 4500 |
| 001 - CONTROL NUMBER | |
| control field | L129525 |
| 008 - FIXED-LENGTH DATA ELEMENTS--GENERAL INFORMATION | |
| fixed length control field | 050426n2005 000 0 eng u |
| 035 ## - SYSTEM CONTROL NUMBER | |
| System control number | (Sirsi) u129525 |
| 041 ## - LANGUAGE CODE | |
| Language code of text/sound track or separate title | eng |
| 100 ## - MAIN ENTRY--PERSONAL NAME | |
| Personal name | Jeffries, Elizabeth |
| 245 ## - TITLE STATEMENT | |
| Title | Better quality rubble |
| 260 ## - PUBLICATION, DISTRIBUTION, ETC. | |
| Date of publication, distribution, etc. | 2005 |
| 490 ## - SERIES STATEMENT | |
| Series statement | Wastes Management |
| Volume/sequential designation | April 2005, 22-23(2) |
| 520 ## - SUMMARY, ETC. | |
| Summary, etc. | Looks at the St Pancras rail development which will involve uploading huge amounts of concrete and metal and disposing of hundreds of tonnes of tunnel piling and excavation. This project has looked at resourceful ways of reusing waste produced through both construction and demolition. One example is the reuse of the crushed bricks from an old St Pancras viaduct in permanent structures. |
| 590 ## - LOCAL NOTE (RLIN) | |
| Local note | IKA290405 |
| 690 ## - LOCAL SUBJECT ADDED ENTRY--TOPICAL TERM (OCLC, RLIN) | |
| Topical term or geographic name as entry element | BUILT ENVIRONMENT-SUSTAINABLE CONSTRUCTION |
| 690 ## - LOCAL SUBJECT ADDED ENTRY--TOPICAL TERM (OCLC, RLIN) | |
| Topical term or geographic name as entry element | ENVIRONMENTAL AND LAND CONSULTANCY-WASTE MANAGEMENT |
| 942 ## - ADDED ENTRY ELEMENTS (KOHA) | |
| Suppress in OPAC | 0 |
| Withdrawn status | Lost status | Source of classification or shelving scheme | Damaged status | Not for loan | Home library | Current library | Shelving location | Date acquired | Total Checkouts | Full call number | Barcode | Date last seen | Copy number | Price effective from | Koha item type |
|---|---|---|---|---|---|---|---|---|---|---|---|---|---|---|---|
| Dewey Decimal Classification | London | London | Journal article | 26/04/2005 | L129525 | 129525-1001 | 06/08/2019 | 1 | 06/08/2019 | Journal article |